|
|
|
|
| LEADER |
00666cam a2200193 7i4500 |
| 001 |
0000029999 |
| 005 |
20130903090000.0 |
| 020 |
0 |
0 |
|a 9789679121520
|
| 090 |
0 |
0 |
|a M 651.509595
|b ARK
|
| 110 |
2 |
0 |
|a Arkib Negara Malaysia
|
| 245 |
2 |
0 |
|a Dasar pengurusan rekod kerajaan :
|b Arkib Negara Malaysia.
|
| 260 |
0 |
0 |
|a Kuala Lumpur:
|b Arkib Negara Malaysia,
|c 2012.
|
| 300 |
# |
# |
|a 7 p.
|
| 440 |
0 |
0 |
|a Siri pengurusan rekod kerajaan
|
| 650 |
0 |
0 |
|a Records --
|x Management --
|z Malaysia
|
| 650 |
0 |
0 |
|a Records --
|x Storage --
|z Malaysia
|
| 650 |
0 |
0 |
|a Records --
|x Conservation and restovation --
|z Malaysia
|
| 651 |
0 |
0 |
|a Malaysia
|
| 999 |
|
|
|a 0000032887
|b Book
|c Malaysia
|e Business Information Centre
|